Library Banner

Exposure to boilers (Record no. 54682)

MARC details
000 -LEADER
fixed length control field 00456nam a2200169Ia 4500
001 - CONTROL NUMBER
control field 57391
008 - FIXED-LENGTH DATA ELEMENTS--GENERAL INFORMATION
fixed length control field 140507s9999 xx 000 0 und d
020 ## - INTERNATIONAL STANDARD BOOK NUMBER
International Standard Book Number 9788122434248
040 ## - CATALOGING SOURCE
Transcribing agency PK-LaUMT
082 ## - DEWEY DECIMAL CLASSIFICATION NUMBER
Classification number 621.18
Item number AGL-E
100 ## - MAIN ENTRY--PERSONAL NAME
Personal name Aglave, G. S.
245 ## - TITLE STATEMENT
Title Exposure to boilers
Remainder of title for practicing engineers and students
Statement of responsibility, etc Aglave, G. S.
260 ## - PUBLICATION, DISTRIBUTION, ETC. (IMPRINT)
Place of publication, distribution, etc New Delhi,India:
Name of publisher, distributor, etc New Age International,
Date of publication, distribution, etc 2012
300 ## - PHYSICAL DESCRIPTION
Extent 435 p.
546 ## - LANGUAGE NOTE
Language note EN
942 ## - ADDED ENTRY ELEMENTS (KOHA)
Koha item type Books
Holdings
Withdrawn status Lost status Damaged status Not for loan Home library Current library Date acquired Total Checkouts Full call number Barcode Date last seen Price effective from Koha item type
        UMT Main Campus UMT Main Campus 2014-05-07   621.18 AGL-E 80583 2014-05-08 2014-05-08 Books